Regional Inequality and sources of income variation in Colombia
Saved in:
| Main Author: | |
|---|---|
| Other Authors: | |
| Format: | Book |
| Language: | English |
| Published: |
New Haven
Yale University Press
1980
|
| Series: | Center paper
no. 286 |
| Tags: |
No Tags, Be the first to tag this record!
|
MARC
| LEADER | 00000nam a2200000 4500 | ||
|---|---|---|---|
| 001 | c140444 | ||
| 005 | 20181203150515.6 | ||
| 041 | 0 | |a eng | |
| 044 | |a US | ||
| 245 | 1 | 0 | |a Regional Inequality and sources of income variation in Colombia |c Gary S. Fields, T. Paul Schultz |
| 264 | 1 | |a New Haven |b Yale University Press |c 1980 | |
| 300 | |a S. 447-467 | ||
| 490 | 1 | |a Center paper |v no. 286 | |
| 830 | 0 | |a Center paper |v no. 286 | |
| 100 | 1 | |a Fields, Gary S. | |
| 700 | 1 | |a Schultz, T. Paul | |